[Event "17th Karpov Trophy 2019"]
[Site "Cap d'Agde"]
[Date "2019.10.27"]
[Round "8.3"]
[White "Amin, Bassem"]
[Black "Paehtz, Elisabeth"]
[Result "1-0"]
[WhiteElo "2699"]
[BlackElo "2489"]
[Annotator "TA"]
[PlyCount "67"]
[EventDate "2019.10.25"]
[EventType "tourn"]
[EventCountry "FRA"]
[SourceTitle "playchess.com"]
[Source "ChessBase"]
[SourceQuality "1"]

{[%evp 13,67,12,1,-15,0,0,16,7,20,29,54,10,16,0,8,-22,-24,-3,45,40,43,39,50,-25,-21,-22,190,185,214,208,207,66,213,227,204,229,229,223,229,227,229,214,227,212,555,388,387,387,445,442,442,442,439,435,411,372]} 1. e4 e6 2. d3 d5 3. Nd2 Nf6 4. Ngf3 b6 5. g3 dxe4 6. dxe4 Bb7 7. Qe2 Nc6 {Strongly threatening ...Nb4.} 8. c3 {C00: French: Unusual White 2nd moves} a5 9. Nc4 Be7 $146 ({Predecessor:} 9... a4 10. e5 Nd7 11. Bf4 Na5 12. Ncd2 Be7 13. h4 Nc5 14. Rd1 Qd7 15. Be3 O-O-O 16. Bxc5 Bxc5 {0-1 (50) Petrosian,T (2654)-Grigoryan,A (2571) Yerevan 2014}) 10. Bg2 {The position is equal.} Ba6 11. e5 Nd7 12. Bf4 b5 {[%cal Bb6b5,Bb5b4][%mdl 32]} 13. Ne3 b4 $36 {[%mdl 2048] Black is more active.} 14. c4 Bb7 {Hoping for ...g5.} 15. h4 Bc5 16. O-O h6 17. Rfd1 Qe7 18. Nd5 (18. Nc2 $14) 18... exd5 $11 19. cxd5 Ba6 $2 {[#]} (19... Nd8 $11) 20. Qc2 $18 Ncxe5 21. Nxe5 Nxe5 22. Re1 (22. Bxe5 $18 O-O 23. Re1) 22... O-O (22... f6 $14 23. d6 cxd6 24. Bxa8 O-O 25. Bd5+ Kh8) 23. Rxe5 Qd6 24. Rc1 Bb6 25. Ree1 Qd7 26. d6 cxd6 27. Bxa8 Rxa8 28. Qc6 Qa7 $2 (28... Qxc6 {is a better chance.} 29. Rxc6 Bd4) 29. Be3 Bxe3 30. Rxe3 {[#] Black must now prevent Re7!} Rc8 31. Re8+ Rxe8 32. Qxe8+ Kh7 33. Qe4+ Kg8 34. Qc6 {Accuracy: White = 65%, Black = 33%.} 1-0

[Event "17th Karpov Trophy 2019"]
[Site "Cap d'Agde"]
[Date "2019.10.27"]
[Round "8.4"]
[White "Sarana, Alexey"]
[Black "Bacrot, Etienne"]
[Result "1/2-1/2"]
[WhiteElo "2655"]
[BlackElo "2671"]
[Annotator "TA"]
[PlyCount "101"]
[EventDate "2019.10.25"]
[EventType "tourn"]
[EventCountry "FRA"]
[SourceTitle "playchess.com"]
[Source "ChessBase"]
[SourceQuality "1"]

{[%evp 12,101,38,6,28,19,20,25,20,25,25,20,17,14,14,10,21,16,18,0,0,0,0,0,0,0,0,0,0,0,0,0,22,26,25,23,29,0,32,33,15,-7,-6,-8,0,0,0,-12,-27,-13,0,0,34,36,81,74,63,30,21,26,36,0,0,0,0,0,0,0,0,0,0,0,0,0,8,8,8,8,8,8,8,10,11,0,0,0,0,0,0,0,0,0]} 1. d4 Nf6 2. c4 e6 3. Nf3 d5 4. g3 Be7 5. Bg2 O-O 6. O-O dxc4 7. Qc2 b6 {E05: Open Catalan: 5 Nf3 Be7} 8. Bg5 Nd5 9. Bxe7 Qxe7 {White has an edge.} 10. e4 Nb4 11. Qc3 c5 12. a3 N4c6 13. d5 Na5 14. Nbd2 Ba6 {[#]} 15. Nh4 $146 ({Predecessor:} 15. Ne5) 15... Nd7 16. e5 exd5 17. Bxd5 {[%mdl 64] [#] Double Attack} Qxe5 18. Bxa8 Rxa8 19. Rfe1 Qxc3 20. bxc3 Kf8 21. Ne4 g6 22. f4 Bb7 23. Rad1 Bc6 $1 24. f5 {Ng5 is the strong threat.} Ba4 25. Rd2 Re8 26. Rde2 Nb7 27. Ng5 Nf6 28. fxg6 hxg6 29. Nhf3 Rxe2 30. Rxe2 Nd6 31. Ne5 a5 32. Rf2 Kg7 33. Nexf7 Nde4 34. Rf1 Nxc3 35. Ne5 {Black must now prevent Ne6+.} Ne2+ 36. Kf2 (36. Kg2 $5 {[%cal Rg5e6]} Nd4 37. Nxc4 $11) 36... Nd4 {The position is equal.} 37. Nxc4 Bb5 38. Rc1 Ng4+ 39. Ke1 $1 Bxc4 40. Rxc4 Nxh2 $11 {[%mdl 4096] Endgame KRN-KNN} 41. Rc3 Kf6 42. Ne4+ Ke5 43. Nxc5 {Threatens to win with Nd7+.} bxc5 44. Rxc5+ {[%mdl 64] [#] Double Attack} Ke4 45. Rxa5 Kf3 46. a4 Kxg3 47. Rd5 Nhf3+ 48. Kd1 Nc6 49. Rd6 Nfe5 50. Ke2 Kf4 51. Rf6+ {Accuracy: White = 79%, Black = 73%.} 1/2-1/2

[Event "17th Karpov Trophy 2019"]
[Site "Cap d'Agde"]
[Date "2019.10.27"]
[Round "9.1"]
[White "Paehtz, Elisabeth"]
[Black "Nihal Sarin"]
[Result "1/2-1/2"]
[WhiteElo "2489"]
[BlackElo "2610"]
[Annotator "TA"]
[PlyCount "71"]
[EventDate "2019.10.25"]
[EventType "tourn"]
[EventCountry "FRA"]
[SourceTitle "playchess.com"]
[Source "ChessBase"]
[SourceQuality "1"]

{[%evp 9,71,0,4,-10,-8,-6,-2,-13,-13,-4,4,4,4,12,10,9,10,-8,0,-9,0,1,0,-8,0,-14,-7,-14,-3,-19,-24,-56,-27,-32,-38,-39,-16,-25,-27,-30,-8,-12,0,-27,-12,-27,-27,-28,-18,-20,-19,-20,-20,-20,-28,-28,-20,-20,0,-20,0,-20,0,-20]} 1. d4 Nf6 2. Bf4 d5 3. e3 c5 4. c3 e6 5. Nd2 Bd6 6. Bg3 {D00: 1 d4 d5: Unusual lines} O-O 7. Ngf3 Qc7 8. Ne5 (8. Bd3 Nbd7 9. Qc2 h6 10. Rd1 Bxg3 11. hxg3 e5 12. dxe5 Nxe5 13. Nxe5 Qxe5 14. Qa4 Bg4 15. Nf3 Qe6 16. O-O Rfd8 {½-½ (30) Zhou,J (2617)-Vallejo Pons,F (2694) China 2018}) 8... Nbd7 {[%cal Rd7e5]} 9. f4 b6 10. Bd3 a5 $146 {[%cal Ba7a5,Ba5a4][%mdl 32]} ({Predecessor:} 10... Bb7 11. Qf3 Rac8 12. O-O a6 {1-0 (30) Esipenko,A (2593)-Podetti,D (2163) Skopje 2018}) 11. O-O Ba6 12. Bxa6 Rxa6 13. Bh4 a4 14. a3 Raa8 {[%cal Ba6a8,Ba8c8,Bc8c5][%mdl 32]} 15. Qf3 Qb7 16. Ndc4 Qc7 17. Nd2 b5 18. Nd3 Rac8 19. Kh1 Qb7 20. dxc5 Bxc5 21. Nxc5 Rxc5 22. Rad1 Rfc8 23. Bxf6 Nxf6 24. Rfe1 h5 25. h3 g6 26. Qe2 Kg7 27. Qd3 Qe7 28. Qd4 Kg8 29. Kg1 h4 30. Rf1 Nh5 31. Rfe1 Ng3 32. Qd3 Qf6 33. Nf3 {The position is equal.} Qe7 34. Nd2 Qf6 35. Nf3 Qe7 36. Nd2 {Accuracy: White = 62%, Black = 52%.} 1/2-1/2

[Event "17th Karpov Trophy 2019"]
[Site "Cap d'Agde"]
[Date "2019.10.27"]
[Round "9.2"]
[White "Bacrot, Etienne"]
[Black "Amin, Bassem"]
[Result "1-0"]
[WhiteElo "2671"]
[BlackElo "2699"]
[Annotator "TA"]
[PlyCount "77"]
[EventDate "2019.10.25"]
[EventType "tourn"]
[EventCountry "FRA"]
[SourceTitle "playchess.com"]
[Source "ChessBase"]
[SourceQuality "1"]

{[%evp 32,111,16,27,18,19,27,23,36,20,20,17,17,0,9,14,89,94,87,78,79,74,107,99,310,302,321,321,321,321,321,321,321,321,313,317,304,302,313,247,300,233,226,220,239,231,214,161,161,161,167,166,170,163,170,170,204,163,397,374,370,364,342,353,437,414,423,422,638,631,779,760,806,761,830,809,1898,2071,1870,1789,4933,1774]} 1. e4 e5 2. Nf3 Nc6 3. Bb5 a6 4. Ba4 Nf6 5. O-O Be7 6. Re1 b5 7. Bb3 d6 8. c3 O-O 9. h3 Nb8 10. d4 Nbd7 11. Nbd2 Bb7 12. Bc2 Re8 13. Nf1 Bf8 14. Ng3 g6 15. Bg5 h6 16. Bd2 Bg7 17. Qc1 Kh7 {C95: Closed Ruy Lopez: Breyer Variation with 10 d4} 18. a4 c5 (18... Nb6 19. axb5 axb5 20. Rxa8 Bxa8 21. b3 Nbd7 22. Bd3 c6 23. Qc2 Bb7 24. Be3 d5 25. dxe5 dxe4 26. Nxe4 Nxe4 27. Bxe4 Nxe5 28. Nxe5 Rxe5 {½-½ (34) Leko,P (2691)-Oparin,G (2609) Linares 2018}) 19. d5 c4 {White has an edge.} 20. Be3 Qc7 21. Qd2 Nc5 22. Ra3 Reb8 $146 ({Predecessor:} 22... Nfd7 23. Nf1 Nf6 24. Bxc5 Qxc5 25. Ne3 h5 26. b4 Qc8 27. g3 Bh6 28. Kg2 Kg7 29. Rea1 {½-½ (29) Kover,W (2201)-Dillenburg,A (2378) ICCF email 2011}) 23. Rea1 bxa4 (23... Nfd7 $11) 24. Qe2 $16 a5 25. Bxc5 Qxc5 26. Bxa4 Ra7 27. Nd2 Ba6 $2 (27... h5 $16 {might work better.}) 28. Bc6 $18 Rxb2 29. Rxa5 {[%mdl 64] Double Attack} Qb6 {intending ...h5.} 30. Ngf1 h5 {If Black can now play ...Bh6 this consolidates a bit.} 31. Qe3 Qxe3 32. fxe3 Bh6 33. R5a2 ({And not} 33. Rxa6 Rxa6 34. Rxa6 Rxd2 $11) 33... Rb6 34. Kf2 Kg7 35. Ke2 Ng8 36. Rb1 Rxb1 37. Nxb1 Ne7 38. Nfd2 Nc8 {[#]} 39. Ra4 {Played: Ra2xa6} 1-0

[Event "17th Karpov Trophy 2019"]
[Site "Cap d'Agde"]
[Date "2019.10.27"]
[Round "9.3"]
[White "Hou, Yifan"]
[Black "Sarana, Alexey"]
[Result "0-1"]
[WhiteElo "2659"]
[BlackElo "2655"]
[Annotator "TA"]
[PlyCount "86"]
[EventDate "2019.10.25"]
[EventType "tourn"]
[EventCountry "FRA"]
[SourceTitle "playchess.com"]
[Source "ChessBase"]
[SourceQuality "1"]

{[%evp 21,156,0,0,0,5,0,0,0,0,0,20,14,14,22,37,39,74,69,75,14,18,14,41,47,86,45,27,8,14,23,38,0,0,0,0,0,0,0,0,0,0,-35,-3,-5,0,-6,0,-5,0,-46,-45,-50,-52,-88,-85,-84,-77,-81,-79,-615,-85,-82,-80,-85,-84,-85,-68,-61,-7,-46,-33,-33,0,-33,-33,-33,-33,-70,-65,-65,-65,-66,-65,-65,-65,-58,0,0,0,-32,-32,-50,-25,-50,-50,-72,-72,-64,-50,-50,-50,-146,-149,-146,-150,-142,-114,-151,-113,-113,-108,-143,-131,-214,-214,-389,-389,-380,-339,-370,-356,-383,-369,-361,-363,-598,-520,-511,-494,-809,-759,-1038,-1005,-1446,-1422,-1212,-986]} 1. e4 c5 2. Nf3 d6 3. d4 cxd4 4. Nxd4 Nf6 5. Nc3 a6 6. Be2 e5 7. Nb3 Be7 8. O-O O-O 9. Be3 Be6 10. Qd2 Nbd7 {[%cal Bb8d7,Bd7b6,Bb6c4][%mdl 32]} 11. a4 Nb6 12. a5 {B92: Sicilian Najdorf: 6 Be2} Nc4 13. Bxc4 Bxc4 14. Rfd1 {The position is equal.} Rc8 15. f3 (15. Bb6 Qe8 16. Nc1 d5 17. exd5 Bb4 18. d6 Qd7 19. Nd3 Bxd6 20. Nxe5 Bxe5 21. Qxd7 Nxd7 22. Rxd7 Bxc3 23. bxc3 {½-½ (30) Salgado Lopez,I (2624)-Cheparinov,I (2711) Germany 2019}) 15... Qc7 16. Bb6 $146 ({Predecessor:} 16. Nc1 Rfe8 17. Bb6 {1-0 (45) Kravec,P (2108)-Puskar,P (2240) Liptovsky Mikulas 2016}) 16... Qc6 17. Nc1 Rfe8 18. N1a2 Be6 19. Nb4 Qc4 20. Nd3 ({White should play} 20. Na4 $1 $16) 20... Bd7 $11 21. Kh1 h5 22. Bf2 Be6 23. Ra4 Qc7 24. Nb4 Bd7 25. Raa1 Qc4 26. Nbd5 (26. Nca2 {seems wilder.} d5 27. b3 Qb5 28. Nxd5 Nxd5 29. exd5 Bf5 30. Nc3) 26... Nxd5 27. Nxd5 Qxc2 28. Nxe7+ Rxe7 29. Qxd6 Rce8 $1 30. Rd2 Qb3 31. Rad1 Bc6 32. Qc5 f6 33. h4 Kh7 34. Qb6 Qf7 35. Bc5 Re6 36. Qb3 f5 37. exf5 Qxf5 38. Qe3 e4 {[%cal Re4f3]} 39. f4 Qg4 40. Rd6 $2 {[%mdl 8192]} (40. Kg1 $17) 40... Qxh4+ $2 (40... Rg6 $1 $19 {[%csl Gg6][%cal Rg4g2]} 41. R1d2 Qxh4+ 42. Kg1 Rg3) 41. Kg1 $17 Qg4 {Hoping for ...Rf6.} 42. R1d2 Qf5 43. Bb4 Rf6 {Played: Qf5-g6} 0-1

[Event "17th Karpov Trophy 2019"]
[Site "Cap d'Agde"]
[Date "2019.10.27"]
[Round "9.4"]
[White "Khademalsharieh, Sarasadat"]
[Black "Sebag, Marie"]
[Result "0-1"]
[WhiteElo "2491"]
[BlackElo "2445"]
[Annotator "TA"]
[PlyCount "91"]
[EventDate "2019.10.25"]
[EventType "tourn"]
[EventCountry "FRA"]
[SourceTitle "playchess.com"]
[Source "ChessBase"]
[SourceQuality "1"]

{[%evp 11,91,29,40,22,25,22,36,32,36,29,39,35,24,-4,-7,0,0,0,8,-19,5,-11,-10,-20,-16,-20,18,0,15,0,0,0,31,-20,7,-24,-2,-28,0,-6,-9,-6,-3,-52,-11,-8,18,0,0,-14,-8,-8,0,0,0,-49,-43,-165,-133,-185,-191,-264,-256,-268,-240,-262,-265,-273,-256,-304,-279,-406,-411,-365,-225,-228,-189,-454,-437,-665,-662,-29993]} 1. d4 d5 2. c4 c6 3. Nf3 Nf6 4. e3 Bf5 5. Nc3 e6 6. Nh4 Bg6 7. Be2 {D12: Slav Defence: 3 Nf3 Nf6 4 e3 Bf5} (7. Nxg6 hxg6 8. g3 Nbd7 9. Bd2 Bb4 10. Qb3 Ba5 11. cxd5 cxd5 12. Bd3 O-O 13. O-O Qb6 14. Qxb6 Nxb6 15. b3 Rac8 {0-1 (44) Rodshtein,M (2684)-Wang,H (2726) Khanty-Mansiysk 2019}) 7... Nbd7 8. O-O Bd6 9. g3 {White is slightly better.} dxc4 10. Bxc4 Qe7 11. Nxg6 hxg6 12. f4 Nb6 13. Bd3 c5 $146 ({Predecessor:} 13... Rd8 14. e4 Bc7 15. Be3 {½-½ (88) Chiku Ratte,O (2278)-Malakhovets,S (1923) Quebec 2018}) 14. Bb5+ Kf8 15. Qf3 Rd8 16. Be2 cxd4 17. exd4 Nbd5 18. Bd2 Bb4 19. Rad1 a6 20. Be1 Kg8 21. Bf2 Rc8 {[%cal Rb4c3]} 22. Rc1 (22. Na4 $14) 22... Kh7 23. Nb1 Qd7 24. a3 Be7 25. Bd3 Rxc1 26. Rxc1 Rc8 27. Re1 Nb6 28. Nd2 Qd5 29. Qd1 Kg8 30. Ne4 Nc4 $36 {[%mdl 2048] Black has the initiative.} 31. Qe2 Nd6 32. Nc3 Qb3 33. h4 (33. Bb1 $5 {[%cal Rb1a2]} Nc4 34. d5 Qxb2 35. dxe6 Qxe2 36. exf7+ Kxf7 37. Rxe2 $11) 33... Bf8 34. Bb1 {[#]} (34. Rb1 $15) 34... Nc4 $1 $19 35. Nd1 {[#]} (35. Ne4 $17 Qxb2 36. Nxf6+ gxf6 37. Be4) 35... Nxa3 $1 {[%mdl 576] Hoping for ...Bb4. Pin} 36. Bxg6 (36. Qd3 $142 Qxd3 37. Bxd3) (36. bxa3 Qxb1) 36... Nc2 ({Much less strong is} 36... fxg6 37. bxa3 Bxa3 38. Qe3 $17) 37. Bxc2 Rxc2 ({Weaker is} 37... Qxc2 38. Ne3 $17) 38. Qe3 Qxe3 {[%mdl 64] Overworked Piece} ({Don't play} 38... Qd5 39. Qd3 $17) 39. Nxe3 Rxb2 40. Nc4 Rc2 41. Ne5 (41. Ne3 $142 Rd2 42. f5) 41... b5 {[%cal Bb7b5,Bb5b4,Bb4b3,Bb3b2][%mdl 32]} 42. Ra1 Ne4 {And now ...b4 would win.} 43. Be1 b4 {Threatens to win with ...b3.} 44. Rxa6 $2 (44. Nd3) 44... b3 45. Ra8 (45. Rb6 $142 b2 46. Nd3) 45... b2 46. Nd7 {Accuracy: White = 25%, Black = 55%.} 0-1

[Event "17th Karpov Trophy 2019"]
[Site "Cap d'Agde"]
[Date "2019.10.28"]
[Round "10.1"]
[White "Nihal Sarin"]
[Black "Bacrot, Etienne"]
[Result "1/2-1/2"]
[WhiteElo "2610"]
[BlackElo "2671"]
[Annotator "TA"]
[PlyCount "111"]
[EventDate "2019.10.25"]
[EventType "tourn"]
[EventCountry "FRA"]
[SourceTitle "playchess.com"]
[Source "ChessBase"]
[SourceQuality "1"]

{[%evp 15,111,0,0,0,0,0,0,4,23,16,19,9,7,12,9,25,39,32,34,6,10,10,40,38,46,31,35,21,27,13,11,20,30,44,58,47,60,54,54,33,23,35,61,-24,-21,-22,-22,-20,-34,-61,-48,-53,-60,-52,-67,-128,-138,-128,-132,-126,-112,-108,-43,-216,-109,-109,0,-172,-109,-95,-81,-95,-95,-91,-100,-210,-29,-195,-8,-12,-9,-11,-10,-10,0,-18,0,-8,0,0,0,0,0,0,0,0,0,0]} 1. e4 c5 2. Nf3 d6 3. d4 cxd4 4. Nxd4 Nf6 5. Nc3 a6 6. Be2 e5 7. Nf3 Be7 8. Bg5 Nbd7 9. a4 {B92: Sicilian Najdorf: 6 Be2} h6 10. Be3 Ng4 11. Bc1 Ngf6 12. O-O Nc5 13. Nd2 Be6 (13... O-O 14. Re1 Qc7 15. Bf3 Ne6 16. Nb3 Ng5 {1-0 (30) Vachier Lagrave,M (2774)-Wei,Y (2721) chess.com INT 2019}) 14. Re1 {[#]} Qc7 $146 ({Predecessor:} 14... O-O 15. Bf3 Qa5 16. Nf1 b5 {½-½ (47) Sadhwani,R (2409)-Nguyen,T (2546) Pardubice 2018}) 15. Bf3 O-O 16. Nf1 Rab8 17. a5 b5 18. axb6 Qxb6 19. b3 Rfc8 {[%cal Rc5b3]} 20. Bd2 Qc6 21. Qe2 Bd8 22. Ng3 a5 23. Red1 Na6 24. Nd5 Nb4 25. c4 Bxd5 26. exd5 Qd7 {next ...Nc2 is good for Black.} 27. Be4 Nxe4 28. Qxe4 ({Much weaker is} 28. Nxe4 Nc2 $17) 28... Na6 {[%cal Bb4a6,Ba6c5,Bc5b3][%mdl 32]} 29. Bxa5 (29. Qf5 $14 Qe7 30. Rdb1 (30. Bxa5 Nc5 $14)) 29... Bxa5 $11 30. Rxa5 Nc5 $36 {[%mdl 2112] Double Attack. Black has the initiative.} 31. Qf5 Qc7 32. Rb5 Nxb3 33. Rxb8 Rxb8 34. Qg4 Nd4 35. h4 (35. h3 $15) 35... Qxc4 $17 36. Kh2 {With the idea Nf5!} Qc2 37. Rf1 Kh7 {aiming for ...f5.} 38. h5 Qc8 (38... Qc5 $17 39. Rd1 Ra8 40. Qe4+ Kh8) 39. Qd1 $2 (39. Qxc8 $15 Rxc8 40. Ne4) 39... Rb4 (39... Rb5 $19 40. f4 Kg8 41. fxe5 dxe5) 40. f4 f5 (40... Kg8 $17 {...Qc5 is the strong threat.} 41. Qe1 Qb8) 41. Qd2 $2 {[#]} (41. fxe5 $11 dxe5 42. Qe1) 41... Rc4 (41... Qc5 $1 $19 42. fxe5 Nb3) 42. fxe5 dxe5 {Hoping for ...Kh8.} 43. Qe3 {[#]} f4 $1 44. Qd3+ Kh8 45. Ne4 {[#]} (45. Ne2 $17 {might work better.}) 45... Rc2 $2 ({Black should try} 45... Nf5 $1 $19 {[%cal Rf5e3]} 46. Rd1 Rc2) 46. Qh3 $2 (46. Nd6 $1 $11 {and White has nothing to worry.} Qg4 {[%mdl 64] Double Attack} 47. Qh3) 46... Qxh3+ $2 ({Black should play} 46... Qb7 $19 47. Rf2 Rxf2 48. Nxf2 Qxd5 49. Qc8+ Kh7) 47. Kxh3 $19 {[%mdl 4096] Endgame KRN-KRN. The position is equal.} Re2 48. Nd6 Re3+ 49. Kh2 $1 Re2 50. Kh3 Kg8 51. Rb1 Kf8 52. Rb7 Re3+ 53. Kh2 $1 Re2 {Threatens to win with ...f3.} 54. Kh3 Re3+ 55. Kh2 $1 Re2 {And now ...f3 would win.} 56. Kh3 {Accuracy: White = 56%, Black = 54%.} 1/2-1/2

[Event "17th Karpov Trophy 2019"]
[Site "Cap d'Agde"]
[Date "2019.10.28"]
[Round "10.2"]
[White "Sebag, Marie"]
[Black "Paehtz, Elisabeth"]
[Result "0-1"]
[WhiteElo "2445"]
[BlackElo "2489"]
[Annotator "TA"]
[PlyCount "76"]
[EventDate "2019.10.25"]
[EventType "tourn"]
[EventCountry "FRA"]
[SourceTitle "playchess.com"]
[Source "ChessBase"]
[SourceQuality "1"]

{[%evp 11,150,45,41,16,42,41,36,19,18,18,40,32,43,38,77,23,32,42,81,60,56,47,52,56,79,81,87,51,53,52,52,48,58,54,71,33,36,19,17,0,0,0,3,5,19,-34,-49,-37,0,-33,-44,-55,-72,-66,-68,-66,-62,-78,-79,-68,-47,-137,-118,-157,-162,-170,-162,-162,-162,-185,-170,-229,-192,-260,-216,-276,-273,-273,-272,-308,-308,-2947,-265,-830,-278,-262,-160,-178,-193,-304,-301,-281,-220,-674,-681,-391,-185,-185,-107,-100,-108,-208,-91,-90,-72,-72,-72,-290,-287,-333,-259,-360,-204,-193,-188,-1702,-310,-1809,-225,-225,-225,-308,-225,-362,83,-225,-225,-271,-225,-225,-225,-291,-291,-288,-283,-624,-616,-614,-598,-1946,-545]} 1. e4 g6 2. d4 Bg7 3. Nc3 d6 4. Be3 a6 5. Nf3 b5 6. Bd3 Bb7 7. e5 {B06: Modern Defence} Nd7 {[%cal Rd6e5]} 8. e6 fxe6 9. Ng5 {White is slightly better.} Nf8 $1 10. O-O Nf6 11. Re1 {[%mdl 1024] White has compensation.} Qd7 12. Qe2 b4 $146 ({Predecessor:} 12... h6 13. Nf3 Kf7 14. Bd2 Kg8 {0-1 (37) Velcheva,M (2281)-Minasian,A (2585) Dubai 2004}) 13. Nb1 (13. Nd1 $16) 13... h6 14. Nf3 Kf7 15. a3 Nd5 16. axb4 Nxb4 17. Bc4 a5 18. c3 Nd5 19. Nbd2 Bf6 20. Bd3 a4 21. Ne4 Nxe3 22. Qxe3 (22. Nxf6 exf6 23. Qxe3 g5 $15) 22... Rb8 23. h4 Bxe4 24. Qxe4 Rxb2 25. Qa8 g5 26. h5 g4 27. Nh2 Rg8 28. Nf1 (28. g3 $11) 28... Rb3 $15 29. Rec1 Nh7 30. Bg6+ Kg7 31. Qe4 Nf8 $1 32. Qxg4 {Be8+ is the strong threat.} Kh8 $1 33. Nd2 Nxg6 34. hxg6 Rb5 35. Ne4 Rf5 36. Qd1 (36. Rcb1 $15) 36... Qc6 ({Much worse is} 36... Rxg6 37. Qxa4 Qxa4 38. Rxa4 $15) 37. f3 Rxg6 38. Rxa4 {[#]} Bg5 {Played: Rf5xf3} 0-1

[Event "17th Karpov Trophy 2019"]
[Site "Cap d'Agde"]
[Date "2019.10.28"]
[Round "10.3"]
[White "Amin, Bassem"]
[Black "Hou, Yifan"]
[Result "1/2-1/2"]
[WhiteElo "2699"]
[BlackElo "2659"]
[Annotator "TA"]
[PlyCount "129"]
[EventDate "2019.10.25"]
[EventType "tourn"]
[EventCountry "FRA"]
[SourceTitle "playchess.com"]
[Source "ChessBase"]
[SourceQuality "1"]

{[%evp 17,129,4,10,-9,13,-14,57,0,10,0,0,0,0,0,0,0,0,0,0,0,0,-50,5,0,0,-23,-35,-55,-55,-42,0,0,0,5,5,0,0,0,0,0,5,5,25,27,29,26,27,20,27,27,24,22,24,5,13,11,52,30,101,70,56,32,32,0,0,0,7,0,0,0,0,0,0,0,0,0,0,0,0,0,0,0,81,84,122,25,20,0,31,0,125,43,43,43,43,43,241,0,0,0,0,0,0,0,0,0,0,0,0,0,0,0,0,0]} 1. e4 c5 2. Nf3 d6 3. c3 Nf6 4. g3 b6 5. Bg2 Bb7 6. d3 e6 7. O-O Be7 8. Re1 O-O 9. Nbd2 Nc6 10. d4 {A05: Réti Opening: 1 Nf3 Nf6} (10. a3 Rc8 11. d4 cxd4 12. cxd4 b5 13. e5 Nd5 14. Ne4 b4 15. Qd3 dxe5 16. dxe5 Nb6 17. Nd6 Rc7 {0-1 (37) Amin,B (2689)-Vachier Lagrave,M (2789) Riadh 2017}) 10... d5 11. e5 Ne4 $146 ({Black should play} 11... Nd7 $11) ({Predecessor:} 11... Nd7 12. h4 cxd4 13. cxd4 Nb4 14. Nb1 a5 15. a3 Nc6 16. Nc3 Ba6 17. Bf4 Rc8 {1-0 (71) Korley,K (2352)-Hujbert,F (2456) Budapest 2014}) 12. h4 (12. Nxe4 $14 dxe4 13. Rxe4) 12... cxd4 13. Nxd4 (13. cxd4 {is interesting.} f5 14. exf6 Bxf6 15. Nxe4 dxe4 16. Ng5) 13... Nxe5 14. Nxe4 dxe4 15. Bxe4 Bxe4 16. Rxe4 Qd5 17. Qe2 Nd7 18. c4 Qb7 19. b3 Bf6 (19... Rad8 $15 20. Bb2 Nf6) 20. Bb2 Rad8 21. Re3 Nc5 22. Nf3 Bxb2 23. Qxb2 Rd6 24. b4 Nd7 25. Rc1 Rc8 26. Qb3 h6 27. Rd3 Rxd3 28. Qxd3 Nf6 29. a3 Qe7 30. Ne5 Qc7 31. Qe2 Rd8 32. Qe3 Nd7 33. Nxd7 Qxd7 $11 {[%mdl 4096] Endgame KQR-KQR} 34. c5 bxc5 35. Qxc5 Qa4 36. Qe3 h5 37. Kh2 Qd7 (37... a5 $1 $11) 38. Rc5 Qb7 39. Qe2 g6 40. Rc1 Rd5 41. Qe3 Kg7 42. Re1 (42. Rc5 {seems wilder.} Rd1 43. Qc3+ e5 44. Rc6 Kh7 45. Qc5) 42... Qd7 43. Rc1 Qb7 44. Qc3+ (44. Rc5 {looks sharper.} Rd1 45. Qc3+ e5 46. Rc6 Kh7 47. Qc5) 44... e5 45. Re1 Qb6 46. Kg1 Qf6 47. Qe3 a6 48. Qe4 Qd6 49. Kg2 f6 (49... a5 $11) 50. Rc1 $16 f5 51. Rc7+ (51. Qc4 $16) 51... Qxc7 $11 52. Qxd5 {KQ-KQ} e4 53. a4 Qc3 (53... e3 $1 $11) 54. b5 (54. Qb7+ $16 Kh6 55. Qa8 (55. Qxa6 Qf3+ 56. Kg1 e3 $11)) 54... axb5 $1 $14 55. axb5 {Hoping for b6.} Qb2 56. Qd7+ Kh6 $2 {[#]} ({Better is} 56... Kf8 $14) 57. Qd8 $2 (57. Qe8 $1 $18) 57... e3 $1 $11 {The position is equal.} 58. Qf8+ Kh7 59. Qf7+ Kh6 60. Qf8+ Kh7 61. Qe7+ Kg8 62. Qe6+ Kg7 63. Qxe3 Qxb5 64. Qe7+ Kg8 65. Qe6+ {Accuracy: White = 36%, Black = 43%.} 1/2-1/2